000 00335nam a22001457a 4500
008 221107b ||||| |||| 00| 0 eng d
020 _a9781119505273
041 _aeng
080 _2FIFTH EDITION
_a573
082 _a573 IRE
100 _a16.1
101 _aBIO
245 _aVISUALIZING HUMAN BIOLOGY
_cIRELAND K
942 _2udc
_cBK
999 _c58758
_d58758